000 00794nam a22002297a 4500
003 OSt
005 20241028092825.0
008 241021b |||a|||| |||| 00| 0 eng d
020 _a9781597820868
037 _bDonación
040 _aCo-JMCR
_bspa
_cCo-JMCR
_dCo-JMCR
_erda
041 0 _aeng
082 0 4 _a332.46
_bD27a
_223
245 0 0 _aDealing with an international credit crunch :
_bpolicy responses to sudden stops in Latin America /
250 _aEduardo Cavallo, Alejandro Izquierdo, Editores.
260 _aNew York :
_bInter-American Development Bank,
_c2009.
300 _a266 páginas :
_bilustraciones ;
_c23 cm.
504 _aIncluye bibliografía.
700 1 _aCavallo, Eduardo A.,
_eeditor.
_943888
700 2 _aIzquierdo, Alejandro,
_eeditor.
_943889
942 _2ddc
_cBK
999 _c30862
_d17246